| 000 | 00492nam a2200169Ia 4500 | ||
|---|---|---|---|
| 008 | 090201s9999 xx 000 0 und d | ||
| 010 | _aKPL-28308 | ||
| 040 | _bमराठी | ||
| 041 | _aमराठी | ||
| 082 |
_a29534 _b28308 |
||
| 100 | _aयोगिनी जोगळेकर | ||
| 245 |
_aशर्यत _cयोगिनी जोगळेकर |
||
| 260 |
_c2004 _bअ र फडके |
||
| 300 |
_a188 _bमोठा |
||
| 600 | _aशर्यत | ||
| 942 | _cBOOK | ||
| 999 |
_c228142 _d228142 |
||